<?xml version="1.0" encoding="UTF-8"?>
<record
    xmlns:xsi="http://www.w3.org/2001/XMLSchema-instance"
    xsi:schemaLocation="http://www.loc.gov/MARC21/slim http://www.loc.gov/standards/marcxml/schema/MARC21slim.xsd"
    xmlns="http://www.loc.gov/MARC21/slim">

  <leader>00677cam a22002297a 4500</leader>
  <controlfield tag="003">OSt</controlfield>
  <controlfield tag="005">20160504175545.0</controlfield>
  <controlfield tag="008">160504s2015    spca   ||     000 hdcat|d</controlfield>
  <datafield tag="017" ind1=" " ind2=" ">
    <subfield code="a">DL B 1881-2015</subfield>
    <subfield code="b">Biblioteca de Catalunya</subfield>
  </datafield>
  <datafield tag="020" ind1=" " ind2=" ">
    <subfield code="a">9788415232612</subfield>
  </datafield>
  <datafield tag="040" ind1=" " ind2=" ">
    <subfield code="b">cat</subfield>
    <subfield code="c">CDMR</subfield>
  </datafield>
  <datafield tag="100" ind1="1" ind2=" ">
    <subfield code="a">Perich, Raquel</subfield>
  </datafield>
  <datafield tag="245" ind1="1" ind2="3">
    <subfield code="a">El Perich </subfield>
    <subfield code="b">: sense caducitat </subfield>
    <subfield code="c">Raquel Perich, Jaume Capdevila</subfield>
  </datafield>
  <datafield tag="250" ind1=" " ind2=" ">
    <subfield code="a">3a ed.</subfield>
  </datafield>
  <datafield tag="260" ind1=" " ind2=" ">
    <subfield code="a">El Papiol (Baix Llobregat) :</subfield>
    <subfield code="b">Efad&#xF3;s,</subfield>
    <subfield code="c">2015</subfield>
  </datafield>
  <datafield tag="300" ind1=" " ind2=" ">
    <subfield code="a">191 p. :</subfield>
    <subfield code="b">il. col. ;</subfield>
    <subfield code="c">21 cm</subfield>
  </datafield>
  <datafield tag="490" ind1="0" ind2=" ">
    <subfield code="a">Pinzells sat&#xED;rics</subfield>
  </datafield>
  <datafield tag="600" ind1="1" ind2="4">
    <subfield code="a">Perich</subfield>
    <subfield code="d">1941-1995</subfield>
    <subfield code="9">220</subfield>
    <subfield code="q">Perich, Jaime</subfield>
  </datafield>
  <datafield tag="650" ind1="0" ind2="4">
    <subfield code="a">Humorisme catal&#xE0;</subfield>
  </datafield>
  <datafield tag="700" ind1="0" ind2="4">
    <subfield code="a">Kap</subfield>
    <subfield code="d">1974-</subfield>
    <subfield code="9">1346</subfield>
  </datafield>
  <datafield tag="942" ind1=" " ind2=" ">
    <subfield code="c">MON</subfield>
  </datafield>
  <datafield tag="999" ind1=" " ind2=" ">
    <subfield code="c">6934</subfield>
    <subfield code="d">6934</subfield>
  </datafield>
  <datafield tag="952" ind1=" " ind2=" ">
    <subfield code="0">0</subfield>
    <subfield code="1">0</subfield>
    <subfield code="4">0</subfield>
    <subfield code="7">0</subfield>
    <subfield code="a">CDMR</subfield>
    <subfield code="b">CDMR</subfield>
    <subfield code="d">2016-05-04</subfield>
    <subfield code="e">Intercanvi</subfield>
    <subfield code="g">22.90</subfield>
    <subfield code="l">1</subfield>
    <subfield code="o">Du 10.2/22</subfield>
    <subfield code="p">CDMR16050003</subfield>
    <subfield code="r">2017-05-17</subfield>
    <subfield code="s">2017-05-17</subfield>
    <subfield code="v">22.90</subfield>
    <subfield code="w">2016-05-04</subfield>
    <subfield code="y">MON</subfield>
  </datafield>
</record>
